000 00679cam a22002413a 4500
001 7520
003 PGUSA
005 20140828083145.0
008 050201s2005||||xxu|||||s|||||000 1 eng d
040 _aPGUSA
_beng
042 _adc
050 4 _aPS
100 1 _aBurt, Katharine Newlin,
_d1882-1977
245 1 0 _aSnow-Blind
_h[electronic resource] /
_cKatharine Newlin Burt
260 _bProject Gutenberg,
_c2005
506 _aPublic domain in the USA.
516 _aElectronic text
653 _aFugitives from justice -- Fiction
653 _aActresses -- Fiction
830 0 _aProject Gutenberg
_v7520
856 4 0 _uhttp://www.gutenberg.org/ebooks/7520
942 _cEB
999 _c236840
_d236840